Normal view
MARC view
- Imran Rashid
Entry Personal Name
001 - CONTROL NUMBER
- control field: 35340
003 - CONTROL NUMBER IDENTIFIER
- control field: NUST
005 - DATE AND TIME OF LATEST TRANSACTION
- control field: 20201117115655.0
008 - FIXED-LENGTH DATA ELEMENTS
- fixed length control field: 201117|| aca||aabn | a|a d
040 ## - CATALOGING SOURCE
- Original cataloging agency: NUST
- Transcribing agency: NUST
100 ## - HEADING--PERSONAL NAME
- Personal name: Imran Rashid
670 ## - SOURCE DATA FOUND
- Source citation: Work cat.: (NUST): Ahmed, Jamal 29837, Exploitation and assessment of web-application vulnerabilities against data stealth attack by web crawlers and scrappers /, 2017.
